Der "Parsifal" 1877-1882 /

Elmentve itt :
Bibliográfiai részletek
Szerző: Nohl Ludwig
Dokumentumtípus: Cikk
Megjelent: 1883
Sorozat:Kolligátum
Kulcsszavak:Richard Wagner, Zene - német - 19. sz. - életmű - életrajz
Online Access:http://misc.bibl.u-szeged.hu/24571
LEADER 00564nab a2200169 i 4500
001 misc24571
005 20191111110700.0
008 171012s1883 hu o 0|| zxx d
040 |a SZTE Miscellanea Repozitórium  |b hun 
041 |a zxx 
100 1 |a Nohl Ludwig 
245 1 4 |a Der "Parsifal"   |h [elektronikus dokumentum] :  |b 1877-1882 /  |c  Nohl Ludwig 
260 |c 1883 
300 |a 98-121 
490 0 |a Kolligátum 
695 |a Richard Wagner, Zene - német - 19. sz. - életmű - életrajz 
856 4 0 |u http://misc.bibl.u-szeged.hu/24571/1/011_021_098-121.pdf  |z Dokumentum-elérés